Japan : Land and people

Αποθηκεύτηκε σε:
Λεπτομέρειες βιβλιογραφικής εγγραφής
Μορφή: Βιβλίο
Γλώσσα:Undetermined
Έκδοση: Japan The Government of Japan
Ετικέτες: Προσθήκη ετικέτας
Δεν υπάρχουν, Καταχωρήστε ετικέτα πρώτοι!
Thư viện lưu trữ: Trung tâm Học liệu Trường Đại học Cần Thơ
LEADER 00369nam a2200145Ia 4500
001 CTU_104867
008 210402s9999 xx 000 0 und d
082 |a 952.04 
082 |b J35 
245 0 |a Japan : 
245 0 |b Land and people 
260 |a Japan 
260 |b The Government of Japan 
904 |i M.Loan 
980 |a Trung tâm Học liệu Trường Đại học Cần Thơ